सत्यवादी राजा हरिशचन्द्र / (Record no. 215262)

MARC details
000 -LEADER
fixed length control field 00846nam a22001697a 4500
005 - DATE AND TIME OF LATEST TRANSACTION
control field 20260228174410.0
010 ## - LCCN (DPL NO)
LC control number BACCHHN26
020 ## - INTERNATIONAL STANDARD BOOK NUMBER
Terms of availability 450.00
International Standard Book Number 9789395851480
037 ## - SOURCE OF ACQUISITION
Source of stock number/acquisition अमर साहित्य सदन
082 ## - DEWEY DECIMAL CLASSIFICATION NUMBER
Classification number 920
100 ## - MAIN ENTRY--PERSONAL NAME
Personal name वार्ष्णेय, विनायक
245 ## - TITLE STATEMENT
Title सत्यवादी राजा हरिशचन्द्र /
Statement of responsibility, etc विनायक वार्ष्णेय
260 ## - PUBLICATION, DISTRIBUTION, ETC. (IMPRINT)
Place of publication, distribution, etc दिल्ली
Name of publisher, distributor, etc अमर साहित्य सदन
Date of publication, distribution, etc 2024
270 ## - ADDRESS
City दिल्ली
Address 1/5, द्वितीय तल , दक्ष रोड ,विश्वास नगर , शाहदरा
Postal code 110032
300 ## - PHYSICAL DESCRIPTION
Extent 144 पृ.;
Dimensions 22सेमी (सजिल्द)
Other physical details सचित्र
942 ## - ADDED ENTRY ELEMENTS (KOHA)
Source of classification or shelving scheme Dewey Decimal Classification
Item type Children Books
Classification part 920
Call number suffix वार्ष्णेय

No items available.


© Delhi Public Library
Hit Counter
free hit counter